000 005900000a22002410004500
082 _aN321.094
_bD237s
_cN
518 _a20080125
530 _aM
100 _aDangi, Shiv Kumar
245 _aSangharshaka sathi varsha; Nepali vidyarthi andolanko gaurabshali itihas
020 _a978-99946-2-777-6
260 _aKathmandu
_bSaraswati Pokharel, Nepal
260 _c2064 B.S.
300 _a1023p.
041 _aNep
365 _aRs.1200.00
650 _aRevolution
650 _aStudent revolution
650 _aRana rules
651 _aNepal
015 _aNNB
942 _cGEN
999 _c43461
_d43461